| 000 | nam a22 7a 4500 | ||
|---|---|---|---|
| 999 |
_c331408 _d331408 |
||
| 003 | NUST | ||
| 005 | 20170926165619.0 | ||
| 008 | 170926b xxu||||| |||| 00| 0 eng d | ||
| 040 | _cNUST | ||
| 082 | _a351 | ||
| 100 |
_aMukaram,Ahmad, Khan,Aleena, & Niazi,Fatima Gul _95028 |
||
| 245 | _aStrategic management: a case study of national di | ||
| 260 |
_aIslamabad _c2015 |
||
| 300 | _a120p | ||
| 942 |
_2ddc _cTH |
||